[Event "XXVII. Rhein-Main-Open, Gruppe A"]
[Site "Bad Homburg vor der Höhe"]
[Date "2025.06.20"]
[Round "4.32"]
[White "Rohatgi, Kushagra"]
[Black "von Auer, Ulrich"]
[Result "1-0"]
[WhiteElo "1771"]
[BlackElo "1980"]
[PlyCount "81"]
[GameId "535116227170"]
[EventDate "2025.06.18"]
[WhiteTeam "SAbt TuS Makkabi Ffm"]
[BlackTeam "SV Oberursel"]

1. e4 e6 2. d3 d5 3. Nd2 Nf6 4. Ngf3 b6 5. e5 Nfd7 6. d4 c5 7. c3 Be7 8. g3 Nc6 9. Bg2 cxd4 10. cxd4 Ba6 11. Bf1 Bxf1 12. Kxf1 O-O 13. Kg2 b5 14. h4 Rc8 15. Nf1 f6 16. exf6 Bxf6 17. Qe2 e5 18. Qxb5 Nxd4 19. Qxd5+ Kh8 20. Nxd4 exd4 21. Bf4 Re8 22. Nd2 Rc5 23. Qf3 Ne5 24. Bxe5 Rcxe5 25. Rad1 Re2 26. Rhf1 h6 27. Nc4 Rc2 28. Rc1 Ree2 29. Rxc2 Rxc2 30. b3 Rxa2 31. Re1 a5 32. Qc6 Be7 33. Ne5 Kh7 34. Qg6+ Kg8 35. Qe6+ Kh7 36. b4 Ra4 37. Nc6 Qa8 38. Qe4+ Kh8 39. Nxe7 Qxe4+ 40. Rxe4 Rxb4 41. Nc6 1-0

[Event "XXVII. Rhein-Main-Open, Gruppe A"]
[Site "Bad Homburg vor der Höhe"]
[Date "2025.06.20"]
[Round "4.34"]
[White "Hornung, Fabian"]
[Black "Gries, Volker"]
[Result "0-1"]
[WhiteElo "1854"]
[BlackElo "2016"]
[PlyCount "112"]
[GameId "535116227172"]
[EventDate "2025.06.18"]
[WhiteTeam "SK Gernsbach 1949"]
[BlackTeam "SV Oberursel"]

1. e4 e5 2. Nf3 Nf6 3. Nxe5 d6 4. Nf3 Nxe4 5. Nc3 Nf6 6. d4 Be7 7. Bd3 O-O 8. h3 a6 9. O-O b5 10. a4 b4 11. Ne2 Bb7 12. Ng3 Re8 13. c3 d5 14. Re1 Nbd7 15. Bf4 c5 16. c4 cxd4 17. Nxd4 Nc5 18. Bf1 Qd7 19. Ndf5 Bf8 20. Be3 Rac8 21. cxd5 Qxd5 22. Qxd5 Nxd5 23. Nd4 Nxe3 24. Rxe3 Rxe3 25. fxe3 g6 26. Be2 Bh6 27. Nf1 Re8 28. Kf2 Ne4+ 29. Kg1 Nd2 30. Nc2 Nxf1 31. Kxf1 a5 32. Rd1 Rc8 33. Nd4 Bxe3 34. Nf3 Be4 35. Bb5 Rc2 36. Bd3 Rf2+ 37. Ke1 Bxf3 38. gxf3 Rxb2 39. Bc4 Rc2 40. Bb3 Rc1 41. Rxc1 Bxc1 42. Ke2 Kg7 43. Kd3 Bf4 44. Kc4 Bc7 45. Kb5 f5 46. f4 Kf6 47. Bd5 h6 48. Bg8 g5 49. fxg5+ hxg5 50. Kc4 Ke5 51. Bf7 Bd8 52. Be8 g4 53. hxg4 fxg4 54. Bc6 Kf4 55. Bd5 Ke3 56. Kb3 Kf2 0-1

[Event "XXVII. Rhein-Main-Open, Gruppe A"]
[Site "Bad Homburg vor der Höhe"]
[Date "2025.06.20"]
[Round "4.35"]
[White "Dolidze, David"]
[Black "Glavev, Danail"]
[Result "1-0"]
[WhiteElo "1809"]
[BlackElo "1655"]
[PlyCount "109"]
[GameId "535116227173"]
[EventDate "2025.06.18"]
[WhiteTeam "SC Eschborn 1974"]
[BlackTeam "SK Bad Homburg 1927"]

1. e4 e5 2. Nf3 Nc6 3. Bc4 Nf6 4. d3 Bc5 5. c3 a5 6. Bb3 Ba7 7. O-O d6 8. h3 O-O 9. Re1 Be6 10. Bc2 Ne7 11. Nbd2 Ng6 12. Nf1 h6 13. Ng3 c6 14. d4 Qc7 15. Nf5 Rfe8 16. g3 Ne7 17. g4 Ng6 18. N3h4 Nxh4 19. Nxh4 d5 20. Nf3 Nd7 21. Qd3 g6 22. Bxh6 dxe4 23. Rxe4 Bd5 24. Rxe5 Nxe5 25. Nxe5 Rxe5 26. dxe5 Qxe5 27. Be3 Bxe3 28. Qxe3 Qxe3 29. fxe3 Re8 30. Kf2 Kf8 31. Rd1 Ke7 32. a3 Kf6 33. e4 Bxe4 34. Re1 Bxc2 35. Rxe8 Bd3 36. Ke3 Ba6 37. h4 a4 38. Kf4 Bc4 39. g5+ Kg7 40. Ke5 Bd5 41. Rb8 b5 42. Kd6 f5 43. Rb7+ Kf8 44. Ke5 Ke8 45. h5 gxh5 46. Kxf5 Bc4 47. g6 h4 48. Kg4 h3 49. Kxh3 Kf8 50. Kg4 Kg8 51. Kg5 Kh8 52. Kf6 Bd5 53. Kg5 c5 54. Rxb5 Bg8 55. Kh6 1-0

[Event "XXVII. Rhein-Main-Open, Gruppe A"]
[Site "Bad Homburg vor der Höhe"]
[Date "2025.06.20"]
[Round "4.36"]
[White "McAdam, Mark"]
[Black "Kopf, Rainer"]
[Result "1-0"]
[WhiteElo "2008"]
[BlackElo "1893"]
[PlyCount "99"]
[GameId "535116227174"]
[EventDate "2025.06.18"]
[WhiteTeam "SC Brett vorm Kopp Ffm"]
[BlackTeam "SC Bellheim"]

1. d4 e6 2. c4 f5 3. Nc3 Nf6 4. Bg5 Be7 5. e3 c6 6. Bd3 d5 7. Nge2 O-O 8. Qc2 Ne4 9. Bxe7 Qxe7 10. f3 Nxc3 11. Qxc3 Nd7 12. f4 Nf6 13. O-O Bd7 14. b4 Rfc8 15. a4 a6 16. c5 Qd8 17. Nc1 Be8 18. Nb3 h6 19. Na5 Qe7 20. Rfb1 Kh7 21. Qe1 Ne4 22. b5 axb5 23. axb5 cxb5 24. Bxb5 Bxb5 25. Rxb5 Ra7 26. Rab1 Rc7 27. g3 h5 28. R5b2 Kh6 29. Kg2 Qf7 30. Rb6 Kh7 31. R1b2 Qd7 32. Qb4 Kh8 33. Rxb7 Raxb7 34. Nxb7 Kh7 35. Qb5 Qe7 36. Qb6 Qd7 37. Na5 Rc8 38. Qb5 Qf7 39. Nc6 Ra8 40. Ne5 Qa7 41. Nf3 Qa1 42. Qe2 Kh6 43. c6 Nc3 44. Qd2 Ne4 45. Qc2 Rc8 46. Ne5 Nf6 47. Qb1 Qa5 48. Ra2 Qc3 49. Qb7 Re8 50. Ra7 1-0

[Event "XXVII. Rhein-Main-Open, Gruppe A"]
[Site "Bad Homburg vor der Höhe"]
[Date "2025.06.20"]
[Round "4.37"]
[White "Steigleder, Maximilian"]
[Black "Kappeler, Georg"]
[Result "1-0"]
[WhiteElo "1930"]
[BlackElo "1771"]
[PlyCount "71"]
[GameId "535116227175"]
[EventDate "2025.06.18"]
[WhiteTeam "Sfr.1932 Kelkheim"]
[BlackTeam "SK Marburg 1931/72"]

1. e4 c5 2. f4 d6 3. Nf3 Nf6 4. d3 g6 5. Be2 Bg7 6. c3 Nc6 7. O-O O-O 8. h3 Rb8 9. g4 e5 10. f5 d5 11. g5 Nh5 12. f6 Bh8 13. Kh2 h6 14. h4 Qd7 15. Ng1 Nf4 16. Bxf4 exf4 17. Qd2 dxe4 18. dxe4 Qe6 19. Qxf4 b5 20. Nd2 b4 21. Bc4 Qd7 22. h5 bxc3 23. hxg6 Qxd2+ 24. Qxd2 cxd2 25. gxh6 Bxf6 26. Rxf6 Ne5 27. gxf7+ Kh7 28. Be6 Bxe6 29. Rxe6 Ng4+ 30. Kg3 Ne3 31. Nf3 d1=Q 32. Rxd1 Nxd1 33. Ng5+ Kh8 34. Rg6 Rb7 35. Rg7 Rb6 36. Rh7# 1-0

[Event "XXVII. Rhein-Main-Open, Gruppe A"]
[Site "Bad Homburg vor der Höhe"]
[Date "2025.06.20"]
[Round "4.38"]
[White "Schmidt, Kai-Uwe"]
[Black "Rabiya, Karim"]
[Result "1-0"]
[WhiteElo "1989"]
[BlackElo "1810"]
[PlyCount "67"]
[GameId "535116227176"]
[EventDate "2025.06.18"]
[WhiteTeam "SC Pirmasens 1912"]
[BlackTeam "SK Niederbrechen 1948"]

1. d4 Nf6 2. Bg5 e6 3. Nd2 d5 4. e3 c5 5. c3 b6 6. Ngf3 Be7 7. Ne5 Nfd7 8. Bf4 Nxe5 9. dxe5 Bb7 10. Qg4 g5 11. Bb5+ Bc6 12. Bxc6+ Nxc6 13. Bg3 h5 14. Qa4 Qd7 15. h4 Nxe5 16. Qa6 Ng6 17. hxg5 Bxg5 18. O-O-O h4 19. Bh2 b5 20. f4 Be7 21. e4 Rb8 22. exd5 exd5 23. f5 Rb6 24. Qa5 Qb7 25. a4 Nf8 26. Rhe1 Nd7 27. f6 Nxf6 28. c4 dxc4 29. axb5 Rxb5 30. Rxe7+ Kxe7 31. Qc3 Rh6 32. Qe3+ Kd7 33. Nxc4+ Kc8 34. Nd6+ 1-0

[Event "XXVII. Rhein-Main-Open, Gruppe A"]
[Site "Bad Homburg vor der Höhe"]
[Date "2025.06.20"]
[Round "4.39"]
[White "Griesfeller, Sven"]
[Black "Fischer, Frederik"]
[Result "1-0"]
[WhiteElo "1875"]
[BlackElo "1651"]
[PlyCount "101"]
[GameId "535116227177"]
[EventDate "2025.06.18"]
[WhiteTeam "Schachdrachen Büdingen-Wächtersb"]
[BlackTeam "SV Oberursel"]

1. e4 e5 2. Nf3 Nf6 3. Bc4 Nxe4 4. Nc3 Nxc3 5. dxc3 f6 6. Nh4 g6 7. f4 Qe7 8. f5 Qg7 9. fxg6 hxg6 10. Qg4 Kd8 11. Qg3 g5 12. Nf5 Qh7 13. Bd3 d5 14. Ne3 e4 15. Be2 Bd6 16. Qf2 f5 17. Nxd5 f4 18. Qd4 Nd7 19. g3 Be5 20. Qg1 c6 21. gxf4 Qh4+ 22. Qf2 gxf4 23. Nxf4 Qxf2+ 24. Kxf2 Rf8 25. Kg3 Nc5 26. Rf1 Ne6 27. Bc4 Ng7 28. Kg2 Bf5 29. Ng6 Re8 30. Bg5+ Kd7 31. Nxe5+ Rxe5 32. Bf6 Re7 33. Rad1+ Ke8 34. Bxe7 Kxe7 35. Rf4 Kf6 36. Rff1 Ke5 37. Rd2 Rh8 38. Kg1 Rh6 39. Rg2 Nh5 40. Be2 Nf4 41. Bg4 Rg6 42. Rxf4 Kxf4 43. Bxf5 Rxg2+ 44. Kxg2 Kxf5 45. Kf2 Kf4 46. c4 b5 47. cxb5 cxb5 48. c3 a5 49. h4 e3+ 50. Ke2 b4 51. c4 1-0

[Event "XXVII. Rhein-Main-Open, Gruppe A"]
[Site "Bad Homburg vor der Höhe"]
[Date "2025.06.20"]
[Round "4.41"]
[White "Karaissaridis, Christos"]
[Black "Börsch, Dieter"]
[Result "1-0"]
[WhiteElo "1904"]
[BlackElo "1800"]
[PlyCount "115"]
[GameId "535116227179"]
[EventDate "2025.06.18"]
[WhiteTeam "SK 1947 Sandhausen e.V."]
[BlackTeam "SK Bad Homburg 1927"]

1. d4 Nf6 2. c4 e6 3. g3 c5 4. d5 exd5 5. cxd5 d6 6. Bg2 g6 7. Nc3 Bg7 8. Nf3 O-O 9. O-O Re8 10. Bf4 Nh5 11. Bg5 Qb6 12. Qc2 Nd7 13. e4 Ne5 14. Nd2 h6 15. Bf4 Nxf4 16. gxf4 Ng4 17. h3 Nf6 18. Ne2 Nxd5 19. Nc4 Nb4 20. Nxb6 Nxc2 21. Nxa8 Nxa1 22. Nc7 Rd8 23. Rxa1 Bxb2 24. Rd1 Kf8 25. e5 Ke7 26. Rxd6 Rxd6 27. exd6+ Kxd6 28. Nb5+ Ke7 29. Nxa7 Be6 30. a4 b6 31. Nb5 f5 32. Bc6 Bb3 33. Nbc3 Kd6 34. Bf3 Bc4 35. Kg2 Bd3 36. Ba8 c4 37. Kf3 Kc5 38. Ke3 Kb4 39. Nd5+ Kc5 40. Kd2 Be4 41. Nc7 Bxa8 42. Nxa8 Kc6 43. Nc3 Kb7 44. Nd5 c3+ 45. Kc2 Kxa8 46. Nxb6+ Ka7 47. Nd5 Ka6 48. Nxc3 Ba3 49. Kb3 Bd6 50. Nd5 Ka5 51. f3 Bb8 52. Ne7 Bxf4 53. Nxg6 Bg3 54. Ne7 f4 55. Nf5 h5 56. Ng7 h4 57. Ne6 Ka6 58. Kc4 1-0

[Event "XXVII. Rhein-Main-Open, Gruppe A"]
[Site "Bad Homburg vor der Höhe"]
[Date "2025.06.20"]
[Round "4.42"]
[White "Kuban, Günther"]
[Black "Fallouh, Philippe"]
[Result "1/2-1/2"]
[WhiteElo "2084"]
[BlackElo "1778"]
[PlyCount "52"]
[GameId "535116227180"]
[EventDate "2025.06.18"]
[WhiteTeam "Königsspringer Karben"]
[BlackTeam "SK Bad Homburg 1927"]

1. e4 e6 2. d3 d5 3. Nc3 Nf6 4. e5 Nfd7 5. f4 c5 6. Nf3 Nc6 7. Be2 Be7 8. O-O O-O 9. Kh1 f6 10. d4 Qb6 11. exf6 Nxf6 12. Na4 Qa5 13. Nxc5 Bxc5 14. dxc5 Qxc5 15. c3 Ne4 16. Qe1 Bd7 17. Bd3 Nf6 18. Be3 Qd6 19. Qh4 Be8 20. Ne5 Nxe5 21. fxe5 Qxe5 22. Rxf6 Rxf6 23. Qxh7+ Kf8 24. Qh8+ Kf7 25. Bd4 Qg5 26. Bxf6 gxf6 1/2-1/2

[Event "XXVII. Rhein-Main-Open, Gruppe A"]
[Site "Bad Homburg vor der Höhe"]
[Date "2025.06.20"]
[Round "4.43"]
[White "Held, Bernhard"]
[Black "Siegismund, Florian"]
[Result "0-1"]
[WhiteElo "1842"]
[BlackElo "1875"]
[PlyCount "48"]
[GameId "535116227181"]
[EventDate "2025.06.18"]
[WhiteTeam "SK 1908 Göggingen"]
[BlackTeam "SK Bad Schwalbach"]

1. d4 d5 2. c4 e6 3. Nc3 Nf6 4. Nf3 a6 5. Bg5 dxc4 6. e4 b5 7. e5 h6 8. Bh4 g5 9. Nxg5 hxg5 10. Bxg5 Nbd7 11. Qf3 Rb8 12. exf6 Bb7 13. d5 Nb6 14. O-O-O Nxd5 15. Nxd5 Bxd5 16. Qe3 c6 17. h4 Qa5 18. Kb1 c3 19. b3 c2+ 20. Kxc2 Qxa2+ 21. Kd3 Qxb3+ 22. Ke2 Bc4+ 23. Rd3 Rd8 24. Kd2 Bb4+ 0-1

[Event "XXVII. Rhein-Main-Open, Gruppe A"]
[Site "Bad Homburg vor der Höhe"]
[Date "2025.06.20"]
[Round "4.44"]
[White "Kupke, Jonas"]
[Black "Dornblüth, Christian"]
[Result "0-1"]
[WhiteElo "1807"]
[BlackElo "1945"]
[PlyCount "48"]
[GameId "535116227182"]
[EventDate "2025.06.18"]
[WhiteTeam "Wiesbadener SV 1885"]
[BlackTeam "SF Heidelberg"]

1. d4 Nf6 2. Bg5 d5 3. Nc3 Bf5 4. f3 Nbd7 5. e4 dxe4 6. g4 Bg6 7. Qe2 e3 8. O-O-O c6 9. h4 h6 10. Bxe3 Nb6 11. g5 hxg5 12. Bxg5 e6 13. d5 Nbxd5 14. Nh3 Qa5 15. Qe5 Be7 16. Ne4 Qxa2 17. Bxf6 gxf6 18. Qd4 Qa1+ 19. Kd2 Qa5+ 20. Kc1 O-O-O 21. Bd3 Bb4 22. b3 Bxe4 23. fxe4 Ba3+ 24. Kb1 Nc3+ 0-1

[Event "XXVII. Rhein-Main-Open, Gruppe A"]
[Site "Bad Homburg vor der Höhe"]
[Date "2025.06.20"]
[Round "4.45"]
[White "Kretner, Georg-Ulrich"]
[Black "Marchese, Gaspare"]
[Result "1-0"]
[WhiteElo "1909"]
[BlackElo "1869"]
[PlyCount "69"]
[GameId "535116227183"]
[EventDate "2025.06.18"]
[WhiteTeam "SC Bad Nauheim"]
[BlackTeam "SC Matt im Park Ffm"]

1. d4 d6 2. Nf3 Nf6 3. c4 c6 4. Nc3 Qa5 5. Bd2 Qc7 6. e4 e5 7. Be2 Bg4 8. Bg5 Be7 9. d5 Nbd7 10. Nh4 Bxe2 11. Qxe2 h6 12. Bd2 g6 13. Nf3 Bf8 14. dxc6 bxc6 15. O-O Bg7 16. h3 O-O 17. Rfd1 Rfd8 18. b4 Nf8 19. Rab1 Ne6 20. Be3 Nf4 21. Qf1 Qc8 22. Rd2 g5 23. Rbd1 Ne8 24. c5 Qc7 25. g3 Qd7 26. b5 cxb5 27. Nxb5 Nxh3+ 28. Kh2 Bf6 29. Nxd6 g4 30. Nf5 Qa4 31. Nxh6+ Kg7 32. Nxg4 Rxd2 33. Rxd2 Qxe4 34. Qxh3 Qg6 35. Nfxe5 1-0

[Event "XXVII. Rhein-Main-Open, Gruppe A"]
[Site "Bad Homburg vor der Höhe"]
[Date "2025.06.20"]
[Round "4.46"]
[White "Glasschröder, Maximilian"]
[Black "Herrmann, Gerhard"]
[Result "1-0"]
[WhiteElo "1938"]
[BlackElo "1668"]
[PlyCount "85"]
[GameId "535116227184"]
[EventDate "2025.06.18"]
[WhiteTeam "SK Weilheim e.V."]
[BlackTeam "SC Königsspringer Alzenau e.V"]

1. e4 d5 2. exd5 Nf6 3. Be2 Nxd5 4. d4 Bf5 5. a3 e6 6. c4 Nf6 7. Nf3 Be7 8. O-O O-O 9. Nc3 Nbd7 10. Nh4 c5 11. Nxf5 exf5 12. d5 Ne4 13. Qc2 Nxc3 14. Qxc3 Bf6 15. Qc2 g6 16. Bd2 Re8 17. Rfe1 Qc7 18. Bf1 Be5 19. h3 Nf6 20. Rad1 Ne4 21. Be3 b6 22. Bd3 Bf4 23. Bxf4 Qxf4 24. g3 Qh6 25. Bxe4 fxe4 26. Rxe4 Qxh3 27. Rde1 Qd7 28. Qe2 Rxe4 29. Qxe4 Kf8 30. Qe5 Kg8 31. d6 Rd8 32. Qf6 Re8 33. Rxe8+ Qxe8 34. Qe7 Qf8 35. Kf1 f5 36. Qe6+ Qf7 37. Qc8+ Kg7 38. b3 Qf6 39. Qc7+ Kh6 40. d7 Qa1+ 41. Kg2 Qe1 42. Qf4+ Kg7 43. d8=Q 1-0

[Event "XXVII. Rhein-Main-Open, Gruppe A"]
[Site "Bad Homburg vor der Höhe"]
[Date "2025.06.20"]
[Round "4.47"]
[White "Hipler, Andreas"]
[Black "Hebauf, Markus"]
[Result "1-0"]
[WhiteElo "1890"]
[BlackElo "1662"]
[PlyCount "71"]
[GameId "535116227185"]
[EventDate "2025.06.18"]
[WhiteTeam "SK Gau-Algesheim"]
[BlackTeam "Sfr.1932 Kelkheim"]

1. d4 d5 2. Nf3 e6 3. g3 c5 4. Bg2 Nf6 5. O-O Nc6 6. c4 cxd4 7. Nxd4 Be7 8. Nc3 Nxd4 9. Qxd4 dxc4 10. Qxc4 O-O 11. Bf4 Qb6 12. a3 a6 13. Na4 Qa5 14. Bc7 Qh5 15. Nb6 Ra7 16. Bb8 Ng4 17. h3 Ne5 18. Bxe5 Qxe5 19. Nxc8 b5 20. Nxe7+ Rxe7 21. Qc2 Rc7 22. Qd2 Rfc8 23. Rac1 Rxc1 24. Rxc1 Rxc1+ 25. Qxc1 h5 26. Qc8+ Kh7 27. Qc2+ Kg8 28. h4 g5 29. hxg5 Qxg5 30. e3 h4 31. Qc8+ Kg7 32. gxh4 Qxh4 33. Qxa6 Qc4 34. Qd6 Qc1+ 35. Kh2 Qxb2 36. Qd4+ 1-0

[Event "XXVII. Rhein-Main-Open, Gruppe A"]
[Site "Bad Homburg vor der Höhe"]
[Date "2025.06.20"]
[Round "4.49"]
[White "Schultze, Jörg-Martin"]
[Black "Gärtner, David"]
[Result "0-1"]
[WhiteElo "1909"]
[BlackElo "1755"]
[PlyCount "162"]
[GameId "535116227187"]
[EventDate "2025.06.18"]
[WhiteTeam "SF Braunfels"]
[BlackTeam "Sfr.Mainz 1928"]

1. d4 d5 2. c4 c6 3. cxd5 cxd5 4. Nc3 Nf6 5. f3 Qb6 6. e4 dxe4 7. fxe4 e5 8. Bb5+ Nc6 9. d5 Bb4 10. Qd3 a6 11. Ba4 Qa5 12. Bd2 Bxc3 13. Bxc6+ bxc6 14. Bxc3 Qb5 15. Qxb5 cxb5 16. Bxe5 Nxe4 17. Nf3 f6 18. Bd4 Bb7 19. Rc1 O-O 20. O-O Bxd5 21. b3 Rac8 22. Rfe1 Bb7 23. Kf1 Kf7 24. Ke2 Rfd8 25. Ke3 Nd6 26. Kf2 Nf5 27. Bc5 Rd3 28. b4 g5 29. Rcd1 Rcd8 30. Rxd3 Rxd3 31. Re2 g4 32. Ne1 g3+ 33. hxg3 Rxg3 34. Re7+ Nxe7 35. Kxg3 Nd5 36. Nd3 Nc3 37. Be3 Kg6 38. Bf4 Ne2+ 39. Kf2 Nxf4 40. Nxf4+ Kf5 41. Nd3 Kg4 42. Nc5 Bc8 43. a3 Kf4 44. g3+ Ke5 45. Ke3 Kd5 46. Kd3 h5 47. Kc3 Ke5 48. Kd3 Kf5 49. Ne4 Bd7 50. Kd4 Bc6 51. Nf2 Kg5 52. Kc5 Bd7 53. Kd6 Bg4 54. Kd5 f5 55. Ke5 Be2 56. Kd4 h4 57. gxh4+ Kxh4 58. Ke3 Bc4 59. Kf4 Be6 60. Nd3 Kh3 61. Ne5 Kg2 62. Ke3 Kf1 63. Nf3 Kg2 64. Nd4 Bd7 65. Ne2 Kf1 66. Kd2 Kf2 67. Nf4 Kf3 68. Nd3 Kg3 69. Ke3 Be6 70. Kd4 Bc4 71. Ne5 f4 72. Ke4 Be2 73. Kd4 Kf2 74. Kc5 Ke3 75. Kd5 Bh5 76. Ke6 f3 77. Nxf3 Bxf3 78. Kd6 Kd4 79. Kc7 Kc3 80. Kb6 Kb3 81. Kxa6 Be2 0-1

[Event "XXVII. Rhein-Main-Open, Gruppe A"]
[Site "Bad Homburg vor der Höhe"]
[Date "2025.06.20"]
[Round "4.50"]
[White "Papadopoulos, Kyriakos"]
[Black "Gerhard, Dominik"]
[Result "1/2-1/2"]
[WhiteElo "1726"]
[BlackElo "1795"]
[Annotator "thoma"]
[PlyCount "79"]
[GameId "535116227188"]
[EventDate "2025.06.18"]
[WhiteTeam "VSG 1880 Offenbach"]
[BlackTeam "SV Oberursel"]

{[%evp 0,48,28,-26,-5,-15,-12,-6,-21,-35,-34,-25,7,3,4,-9,-9,-6,25,6,11,4,39,15,54,31,34,13,5,-10,-13,-7,-4,-11,-34,-51,-51,-51,-48,-79,-68,-78,-50,-61,-55,-68,100,-78,-83,-82,-78]} 1. e4 d5 2. exd5 Qxd5 3. Nc3 Qa5 4. Nf3 Nf6 5. Bc4 Bf5 6. d3 Bg4 7. Bd2 Qh5 8. h3 Bxf3 9. Qxf3 Qxf3 10. gxf3 c6 11. Bf4 Nbd7 12. Ne4 g6 13. O-O-O Bg7 14. Rde1 O-O 15. Nd2 e6 16. a3 Nd5 17. Bg3 Rfe8 18. Ba2 Bh6 19. Kd1 Ne7 20. Nc4 Nf5 21. Nd6 Nxd6 22. Bxd6 Bg7 23. c3 Rad8 24. Bc7 Rc8 25. Bg3 Nb6 26. Bb3 h5 27. h4 Rcd8 28. Kc2 Nd5 29. Bxd5 Rxd5 30. Re4 Red8 31. d4 Bh6 32. f4 Bg7 33. Rhe1 Kf8 34. R1e2 Ke7 35. R4e3 c5 36. dxc5 Rxc5 37. Re4 Rcd5 38. Rc4 R8d7 39. Rc8 Kf6 40. Rg8 1/2-1/2

[Event "XXVII. Rhein-Main-Open, Gruppe A"]
[Site "Bad Homburg vor der Höhe"]
[Date "2025.06.20"]
[Round "4.51"]
[White "Holschuh, Elias"]
[Black "Mallmann, Bernd"]
[Result "1/2-1/2"]
[WhiteElo "1746"]
[BlackElo "1855"]
[PlyCount "52"]
[GameId "535116227189"]
[EventDate "2025.06.18"]
[WhiteTeam "SV Worms 1878"]
[BlackTeam "Schulschach IGS Trier e.V."]

1. e4 c5 2. c3 a6 3. Nf3 e6 4. d4 cxd4 5. Nxd4 b6 6. Be3 Bb7 7. f3 Be7 8. Bf2 d6 9. Bc4 Nd7 10. O-O b5 11. Bb3 Nc5 12. Bc2 Nf6 13. Nd2 O-O 14. c4 bxc4 15. Nxc4 d5 16. exd5 Bxd5 17. Ne3 Bb7 18. b4 Ncd7 19. a3 Nd5 20. Nxd5 Bxd5 21. Bb3 Nf6 22. Bxd5 Nxd5 23. Nc6 Qc7 24. Nxe7+ Nxe7 25. Rc1 Qb7 26. Qe2 Rfd8 1/2-1/2

[Event "XXVII. Rhein-Main-Open, Gruppe A"]
[Site "Bad Homburg vor der Höhe"]
[Date "2025.06.20"]
[Round "4.52"]
[White "Pade, Joachim"]
[Black "Schmitt, Clemens"]
[Result "0-1"]
[WhiteElo "1777"]
[BlackElo "1881"]
[PlyCount "70"]
[GameId "535116227190"]
[EventDate "2025.06.18"]
[WhiteTeam "SV Rochade Hünfeld"]
[BlackTeam "SV Bergwinkel"]

1. e4 c5 2. Nf3 Nc6 3. a3 Nf6 4. Nc3 d6 5. b4 cxb4 6. axb4 Nxb4 7. Ba3 Nc6 8. h3 e5 9. Bb5 a6 10. Bxc6+ bxc6 11. O-O c5 12. d3 Be7 13. Nd5 Nxd5 14. exd5 O-O 15. c4 Bf5 16. Qc2 Qd7 17. Kh2 Kh8 18. Nd2 Bg6 19. f4 exf4 20. Rxf4 Bf6 21. Bb2 Bxd3 22. Qb3 Rab8 23. Qxd3 Bxb2 24. Rh4 f5 25. Rf1 Bf6 26. Rxh7+ Kxh7 27. Kh1 g6 28. Nf3 Kg7 29. Ng1 Qe7 30. Ne2 Qe4 31. Qd2 Rb1 32. Rxb1 Qxb1+ 33. Kh2 Be5+ 34. g3 Rb8 35. Qg5 Bf6 0-1

[Event "XXVII. Rhein-Main-Open, Gruppe A"]
[Site "Bad Homburg vor der Höhe"]
[Date "2025.06.20"]
[Round "4.53"]
[White "Liu, Jonas"]
[Black "Köhlich, Viktor"]
[Result "1-0"]
[WhiteElo "1645"]
[BlackElo "1774"]
[PlyCount "73"]
[GameId "535116227191"]
[EventDate "2025.06.18"]
[WhiteTeam "SV Oberursel"]
[BlackTeam "SC Matt im Park Ffm"]

1. e4 c5 2. Nf3 d6 3. c3 Nf6 4. h3 Nc6 5. Bd3 g6 6. Bc2 e5 7. O-O Bg7 8. Re1 O-O 9. d3 h6 10. Be3 Be6 11. Bb3 Qe7 12. Bxe6 fxe6 13. Nbd2 Rad8 14. Nf1 d5 15. exd5 exd5 16. d4 cxd4 17. cxd4 e4 18. Nh4 Kh7 19. Ng3 Nb4 20. Bc1 Nd3 21. Qxd3 Ng8 22. Nxg6 exd3 23. Nxe7 Rde8 24. Bd2 Nxe7 25. Bb4 Rf7 26. Bxe7 Rfxe7 27. Rxe7 Rxe7 28. Nf5 Re2 29. b3 Re4 30. Rd1 Bxd4 31. Rxd3 Re1+ 32. Kh2 Bxf2 33. Rxd5 Bb6 34. Rd7+ Kg6 35. Ne7+ Kh5 36. Rd5+ Kh4 37. Ng6# 1-0

[Event "XXVII. Rhein-Main-Open, Gruppe A"]
[Site "Bad Homburg vor der Höhe"]
[Date "2025.06.20"]
[Round "4.54"]
[White "Gärtner, Johannes"]
[Black "Deniz, Ata Gökay"]
[Result "1-0"]
[WhiteElo "1735"]
[BlackElo "1791"]
[PlyCount "61"]
[GameId "535116227192"]
[EventDate "2025.06.18"]
[WhiteTeam "Sfr.Mainz 1928"]
[BlackTeam "SVG Lauterbach"]

1. d4 d5 2. c4 c6 3. Nf3 Nf6 4. Nc3 e6 5. e3 Bd6 6. Bd3 Nbd7 7. O-O O-O 8. b3 e5 9. cxd5 cxd5 10. Nb5 Bb8 11. dxe5 Nxe5 12. Be2 Bf5 13. Bb2 Re8 14. Nbd4 Be4 15. Rc1 Bd6 16. Qd2 Rc8 17. Nxe5 Bxe5 18. Nf3 Bxb2 19. Qxb2 Qb6 20. Nd4 a6 21. Rc3 Rxc3 22. Qxc3 Qd6 23. a4 h5 24. Rc1 Qe5 25. Qc7 Qg5 26. Qg3 Qxg3 27. hxg3 Re7 28. b4 Bg6 29. b5 Ne4 30. b6 Re6 31. Nxe6 1-0

[Event "XXVII. Rhein-Main-Open, Gruppe A"]
[Site "Bad Homburg vor der Höhe"]
[Date "2025.06.20"]
[Round "4.55"]
[White "Moldenhauer, Lennart"]
[Black "Basedow, Marc"]
[Result "1-0"]
[WhiteElo "1751"]
[BlackElo "1682"]
[PlyCount "93"]
[GameId "535116227193"]
[EventDate "2025.06.18"]
[WhiteTeam "SV Oberursel"]
[BlackTeam "SC Bad Soden"]

1. e4 d6 2. d4 Nf6 3. Nc3 g6 4. Be2 Bg7 5. g4 d5 6. e5 Ne4 7. f4 f5 8. gxf5 Bxf5 9. Nf3 e6 10. Be3 Nc6 11. a3 a6 12. Bd3 Qe7 13. Qe2 Nxc3 14. bxc3 Bxd3 15. cxd3 Na5 16. Qc2 b5 17. h4 Qf7 18. Qg2 Qf5 19. Ke2 Bh6 20. Ng5 Rb8 21. Qh3 Ke7 22. h5 Bxg5 23. Qxf5 gxf5 24. fxg5 Rbf8 25. Bf4 Kf7 26. a4 Rb8 27. Rhb1 Nc6 28. axb5 axb5 29. Ra6 Ne7 30. Ra5 c6 31. Ra7 Ra8 32. Rba1 Rxa7 33. Rxa7 Re8 34. Bc1 Kg8 35. Ba3 Nc8 36. Rc7 Nb6 37. Rxc6 Na4 38. Bb4 f4 39. Kf3 Nb2 40. Kxf4 Nxd3+ 41. Kg4 Nxb4 42. cxb4 Kf7 43. Rc7+ Re7 44. g6+ hxg6 45. hxg6+ Kf8 46. Rxe7 Kxe7 47. Kg5 1-0

[Event "XXVII. Rhein-Main-Open, Gruppe A"]
[Site "Bad Homburg vor der Höhe"]
[Date "2025.06.21"]
[Round "5.1"]
[White "Hagner, Bennet"]
[Black "Schmid, Roland"]
[Result "1-0"]
[WhiteElo "2431"]
[BlackElo "2193"]
[PlyCount "73"]
[GameId "535116227195"]
[EventDate "2025.06.18"]
[WhiteTeam "OSG Baden-Baden"]
[BlackTeam "SG Post/Süd Regensburg"]

1. g3 Nf6 2. Bg2 d5 3. Nf3 e6 4. O-O Be7 5. d3 c5 6. Bf4 Nc6 7. a4 O-O 8. e4 Nh5 9. Bd2 f5 10. exd5 exd5 11. Re1 Bf6 12. c3 f4 13. gxf4 g6 14. Ng5 Nxf4 15. Bxf4 Bxg5 16. Bg3 h5 17. Qb3 Ne7 18. h4 Bf6 19. Nd2 Kh7 20. a5 Nf5 21. Qxd5 Bxh4 22. Qxd8 Rxd8 23. a6 Bxg3 24. fxg3 Rxd3 25. Ne4 Rb8 26. axb7 Bxb7 27. Rxa7 Kh6 28. Nxc5 Bxg2 29. Nxd3 Bd5 30. Nf4 Bc4 31. Rc7 Bg8 32. Rc6 Bh7 33. b4 Nxg3 34. Ree6 Rg8 35. b5 Kg5 36. Nxg6 Nf5 37. b6 1-0

[Event "XXVII. Rhein-Main-Open, Gruppe A"]
[Site "Bad Homburg vor der Höhe"]
[Date "2025.06.21"]
[Round "5.2"]
[White "Nothnagel, Marian Can"]
[Black "Tiarks, Jann-Christian"]
[Result "1/2-1/2"]
[WhiteElo "2434"]
[BlackElo "2228"]
[PlyCount "41"]
[GameId "535116227196"]
[EventDate "2025.06.18"]
[WhiteTeam "SK Bickenbach"]
[BlackTeam "SG 1871 Löberitz"]

1. e4 c5 2. Nf3 d6 3. d4 cxd4 4. Nxd4 Nf6 5. Nc3 a6 6. Rg1 e5 7. Nb3 Be6 8. g4 d5 9. exd5 Nxd5 10. Nxd5 Qxd5 11. Qxd5 Bxd5 12. Be3 Nc6 13. c3 O-O-O 14. Nd2 Bd6 15. O-O-O Bc7 16. Bc4 Bxc4 17. Nxc4 Rxd1+ 18. Kxd1 Kd7 19. Kc2 Ke6 20. a4 Ne7 21. b4 1/2-1/2